000 01212nam a2200289Ia 4500
999 _c5149
_d5149
003 OSt
005 20200406214032.0
008 191128s2013 ck gr 000 0 spa d
020 _a9789587720532
040 _aCO-JMCR
_cCO-JMCR
041 1 _aspa
_heng
082 0 4 _a321.8 /
_bC645c
_221
100 1 _aColón-Rios, Joel I.,
_eautor
_92576
245 1 3 _aLa constitución de la democracia /
_cJoel I. Colón-Ríos ; traductora Graciela Rivera Muñoz
250 _aPrimera edición
260 _aBogotá :
_bUniversidad Externado de Colombia,
_c2013
300 _a404 páginas ;
_c17 cm.
490 0 _aTeoría jurídica y filosofía del derecho ;
_v65
504 _aBibliografía: páginas 369-404
505 0 _aIntroducción para el lector latinoamericano -- El fin del debate en torno al constitucionalismo y la democracia -- La legitimidad de lo jurídico: democracia, poder constituyente, y los límites de la reforma constitucional
546 _aTraducido del inglés
650 1 4 _aDerecho constitucional
_92577
650 1 4 _aReformas constitucionales
_92053
650 1 4 _aGarantías constitucionales
_zColombia
_92578
700 1 _aRivera Muñoz, Graciela,
_etraductora
_92579
942 _2ddc
_cBK